[Event "Tarragona Province-chA"]
[Site "L'Hospitalet Infant"]
[Date "2016.11.27"]
[Round "9"]
[White "Bru Aljarilla, Francisco"]
[Black "Beltran Reverter, Josep M"]
[Result "1/2-1/2"]
[WhiteElo "1808"]
[BlackElo "1873"]
[PlyCount "199"]
[EventDate "2016.10.02"]
[EventType "swiss"]
[EventRounds "9"]
[EventCountry "ESP"]
[SourceTitle "EXT 2018"]
[Source "ChessBase"]
[SourceDate "2017.10.13"]
[SourceVersion "1"]
[SourceVersionDate "2017.10.13"]
[SourceQuality "1"]

1. d4 Nf6 2. c4 g6 3. Nc3 Bg7 4. e4 d6 5. Nf3 0-0 6. h3 c5 7. d5 Qa5 8. Bd2 Nbd7 9. Be2 Nh5 10. 0-0 e5 11. Nh4 Qd8 12. Nf3 Nf4 13. Bxf4 exf4 14. Qd2 g5 15. Rfe1 Ne5 16. Rac1 a6 17. Nxe5 Bxe5 18. Qd1 Qf6 19. Bg4 b5 20. cxb5 axb5 21. Qb3 Bxg4 22. hxg4 f3 23. Nxb5 Qf4 24. Qxf3 Rxa2 25. Qxf4 Bxf4 26. Rb1 Rb8 27. Na3 Rbxb2 28. Rxb2 Rxb2 29. Nc4 Rb4 30. Na5 Bd2 31. Rd1 Bc3 32. Nc6 Rxe4 33. f3 Re1+ 34. Rxe1 Bxe1 35. Kf1 Bg3 36. Ke2 Kg7 37. Kd3 Kf6 38. Ke4 Bf4 39. Na5 Bd2 40. Nc4 Bf4 41. Na5 Bg3 42. Nc4 Kg6 43. Ne3 Bf4 44. Nc4 h5 45. Na5 hxg4 46. fxg4 Kf6 47. Nc4 Ke7 48. Kf5 f6 49. Ke4 Kd7 50. Kd3 Be5 51. Nb6+ Kc7 52. Nc4 Kb7 53. Na5+ Ka6 54. Nc4 Kb5 55. Na3+ Kb4 56. Nc4 Kb3 57. Ne3 Kb2 58. Nd1+ Kc1 59. Nf2 Kb2 60. Ne4 Kb3 61. Nd2+ Kb4 62. Nc4 Bh2 63. Nd2 c4+ 64. Nxc4 Kc5 65. Nd2 Kxd5 66. Nf3 Be5 67. Nd2 Kc5 68. Nb3+ Kb4 69. Nd4 d5 70. Nc2+ Kc5 71. Ne3 Bf4 72. Nf5 Bc1 73. Kc2 Ba3 74. Kd3 Bb2 75. Kc2 Ba1 76. Kd3 d4 77. Ng3 Kd5 78. Ne2 Ke5 79. g3 Bb2 80. Ng1 Kd5 81. Nf3 Bc3 82. Nh2 Be1 83. Nf1 Ba5 84. Nh2 Bc7 85. Nf1 Be5 86. Nd2 Bxg3 87. Ne4 Be5 88. Nf2 Bc7 89. Ne4 Bd8 90. Ng3 Ke5 91. Ne2 Bb6 92. Ng3 Kf4 93. Ne4 Kxg4 94. Nxf6+ Kf3 95. Ne4 g4 96. Ng5+ Kg2 97. Ke2 g3 98. Ke1 d3 99. Kd2 Bd8 100. Ne4 1/2-1/2

[Event "Tarragona Province-chA"]
[Site "L'Hospitalet Infant"]
[Date "2016.11.20"]
[Round "8"]
[White "Rius Guarch, Daniel"]
[Black "Bru Aljarilla, Francisco"]
[Result "0-1"]
[WhiteElo "1914"]
[BlackElo "1808"]
[PlyCount "68"]
[EventDate "2016.10.02"]
[EventType "swiss"]
[EventRounds "9"]
[EventCountry "ESP"]
[SourceTitle "EXT 2018"]
[Source "ChessBase"]
[SourceDate "2017.10.13"]
[SourceVersion "1"]
[SourceVersionDate "2017.10.13"]
[SourceQuality "1"]

1. d4 Nf6 2. Nf3 e6 3. c4 d5 4. Nc3 Nbd7 5. g3 c6 6. Bg2 Bd6 7. 0-0 0-0 8. c5 Bc7 9. b4 a6 10. Qc2 e5 11. dxe5 Nxe5 12. Rd1 Re8 13. Nd4 Bg4 14. a4 h6 15. Bf4 Qe7 16. Re1 Qd8 17. Rab1 Nc4 18. Bxc7 Qxc7 19. Rb3 Qe5 20. e3 Bh5 21. Nf3 Qe7 22. Nh4 Bg4 23. h3 Be6 24. Nf3 Qd7 25. Kh2 Bf5 26. Qe2 Ne5 27. Nxe5 Rxe5 28. b5 d4 29. Rd1 Qe6 30. bxc6 Qxb3 31. cxb7 Rb8 32. Qxa6 dxe3 33. c6 Qxd1 34. c7 Rxb7 0-1